| 000 | 00000nas##2200000za#4500 |
| 001 | 9.503956 |
| 003 | CaOODSP |
| 005 | 20200325094325 |
| 007 | cr ||||||||||| |
| 008 | 150406c2004||||xxc|| p o||||f| |0fre|d |
| 040 | |aCaOODSP|bfre |
| 043 | |an-cn--- |
| 086 | 1 |aEn1-51F-PDF |
| 110 | 1 |aCanada. |bEnvironnement Canada. |
| 245 | 10|aPlan d'action accéléré des sites contaminés fédéraux - rapport annuel |h[ressource électronique] |
| 246 | 3 |aPlan d’action accéléré des lieux fédéraux contaminés - rapport annuel |
| 260 | |aGatineau - Québec : |bEnvironnement Canada |
| 310 | |aAnnuel |
| 362 | 1 |a2003-2004 -- 2004-2005 |
| 691 | 07|aLutte contre la pollution|2gcpds |
| 775 | 08|tFederal Contaminated Sites Accelerated Action Plan - annual report |w(CaOODSP)9.507568 |